Box-Office: Entre 800 millions et 1 milliard - Statistiques

Statistiques générales
  • Ce quiz a été pris 24 fois
    7 depuis la dernière actualisation
  • Le résultat moyen est 9 sur 43
Statistiques - réponses
Classement Score au box-office Année Films % Correct
84 $825,025,036 2002 Spider-Man
67%
81 $836,848,102 2010 Inception
50%
54 $962,201,338 2014 Le Hobbit: La Bataille des Cinq Armées
50%
56 $959,027,992 2013 Le Hobbit: La Désolation de Smaug
50%
57 $947,896,241 2002 Le Seigneur des Anneaux: Les Deux Tours
50%
66 $894,983,373 2007 Spider-Man 3
50%
73 $873,637,528 2016 Batman v Superman: l'Aube de la Justice
33%
90 $807,817,888 2017 Coco
33%
70 $879,793,867 2002 Harry Potter et la Chambre des Secrets
33%
65 $896,730,264 2005 Harry Potter et la Coupe de Feu
33%
60 $934,483,039 2009 Harry Potter et le Prince de Sang-Mêlé
33%
50 $977,070,383 2010 Harry Potter et les Reliques de la Mort Partie 1
33%
58 $942,201,710 2007 Harry Potter et l'Ordre du Phénix
33%
59 $940,352,645 2003 Le Monde de Nemo
33%
64 $898,094,742 2001 Le Seigneur des Anneaux: la Communauté de l'Anneau
33%
69 $880,166,924 2017 Spider-Man: Homecoming
33%
82 $836,303,693 2009 Transformers: la Revanche
33%
76 $865,011,746 2013 Hunger Games: l'Embrasement
17%
71 $877,244,782 2012 L'Âge de Glace: la Dérive des Continents
17%
67 $886,686,817 2009 L'Âge de Glace: le Temps des Dinosaures
17%
52 $966,554,929 2016 Le Livre de la Jungle
17%
77 $863,756,051 2017 Les Gardiens de la Galaxie Vol 2
17%
51 $970,766,005 2013 Moi Moche et Méchant 2
17%
55 $960,996,492 2007 Pirates des Caraibes: Jusqu'au bout du monde
17%
61 $928,760,770 2004 Shrek 2
17%
89 $813,367,380 2007 Shrek le Troisième
17%
75 $868,390,560 2005 Star Wars 3: la Revanche des Sith
17%
80 $853,983,911 2017 Thor Ragnarok
17%
83 $829,747,654 2012 Twilight: Chapitre 5 - Révélation, partie 2
17%
79 $856,085,151 2018 Venom
17%
78 $858,848,019 2015 Vice-versa
17%
85 $822,854,286 2017 Wonder Woman
17%
62 $910,809,311 2018 Bohemian Rhapsody
0%
72 $875,458,631 2016 Comme des Bêtes
0%
91 $803,180,485 2022 Doctor Strange in The Multiverse of Madness
0%
86 $822,009,764 2021 Hi, Mom
0%
87 $817,400,891 1996 Independence Day
0%
53 $962,542,945 2017 Jumanji: Bienvenue dans la Jungle
0%
92 $800,059,707 2019 Jumanji: Next Level
0%
63 $902,540,935 2021 La Bataille du lac Changjin
0%
88 $814,044,001 2016 Les Animaux Fantastiques
0%
68 $880,681,519 2015 Spectre
0%
74 $870,325,439 2017 Wolf Warrior 2
0%
Aucun quiz correspondant
Distribution des résultats
% des personnes avec chaque résultat
Percentile par nombre de réponses
Votre historique - résultats
Vous n’avez pas pris ce quiz depuis la dernière actualisation